000 00514nam a2200169Ia 4500
003 GCL
008 140319s9999 xx 000 0 ara d
040 _aGCL /
_cGCL
082 0 4 _aق
_b928.162
_bع ث
100 1 _aعبدالله عنان
245 1 0 _aثلثا قرن من الزمن: مذكرات عبداللة عنان /
_cعبدالله عنان
300 _a278 ص
490 _aمصر فى عيون ابنائها
_v0
650 0 4 _aالادباء
650 0 4 _aعبداللة عنان
942 _2ddc
_cBK
999 _c38373
_d38373